000
00235nam a2200097Ia 4500
001
641863
005
20250826153515.0
008
250824s9999 xx 000 0 und d
245
0
_a
makineler
_c
Clive Gifford
260
_b
TÜBİTAK YAYINLARI
999
_c
641863
_d
641863